[Event "Let's Play Chess!"]
[Site "http://www.queenalice.com/game.php?id=810921"]
[Date "2010.7.30"]
[Round "-"]
[White "igorjava"]
[Black "alcapone"]
[Result "1-0"]
[WhiteElo "1843"]
[BlackElo "966"]

1. e4 c6 2. d4 e6 3. Nf3 Nf6 4. Nc3 Ng4 5. e5 Qh4 6. Nxh4 a5 7. Qxg4 Be7 8. Qxg7
Rf8 9. Bg5 Bb4 10. a3 Be7 11. Bf6 b5 12. Ne4 Ra6 13. Bxe7 Kxe7 14. f4 d5 15. Nd6
Bd7 16. f5 c5 17. f6+ Kd8 18. Qxf8+ Kc7 19. Nxb5+ Kb7 20. Qxc5 Rc6 21. Qa7+ Kc8
22. Nd6+ Rxd6 23. exd6 Bc6 24. Qc7# 1-0

[Event "Challenge"]
[Site "http://www.queenalice.com/game.php?id=812769"]
[Date "2010.8.3"]
[Round "-"]
[White "alcapone"]
[Black "fieldesigner"]
[Result "0-1"]
[WhiteElo "1100"]
[BlackElo "1585"]

1. c3 e5 2. Nf3 Nc6 3. g3 Bc5 4. Bh3 Nf6 5. O-O e4 6. Ng5 Nh5 7. g4 Qxg5 8. Qa4
d5 9. Qb5 Bxg4 10. Kh1 Bxh3 11. Re1 Qg2# 0-1

[Event "Let's Play Chess!"]
[Site "http://www.queenalice.com/game.php?id=815787"]
[Date "2010.8.10"]
[Round "-"]
[White "Scharlatan"]
[Black "alcapone"]
[Result "1-0"]
[WhiteElo "1342"]
[BlackElo "1045"]

1. d4 e6 2. c4 c6 3. e4 Nf6 4. Nc3 Ng4 5. Qxg4 Qb6 6. Nf3 a5 7. Bd3 a4 8. O-O
Qa5 9. Bd2 Bd6 10. Qxg7 Rf8 11. e5 Bc7 12. Nd5 Na6 13. Bxa5 Bxa5 14. Nf6+ Ke7
15. d5 cxd5 16. cxd5 exd5 17. Nxd5+ Ke8 18. Nf6+ Ke7 19. Nxh7 Rd8 20. Bg6 d6 21.
Qxf7# 1-0

[Event "Let's Play Chess!"]
[Site "http://www.queenalice.com/game.php?id=815793"]
[Date "2010.8.10"]
[Round "-"]
[White "alcapone"]
[Black "Scharlatan"]
[Result "0-1"]
[WhiteElo "1010"]
[BlackElo "1430"]

1. e3 g6 2. g3 Bg7 3. c3 h5 4. Qf3 d6 5. h4 Nc6 6. Rh3 Bxh3 7. Nxh3 Nf6 8. Qf4
Qd7 9. Qc4 Ne5 10. Qf4 Nd5 11. Qd4 e6 12. e4 c5 13. Qxe5 Bxe5 14. exd5 O-O-O 15.
a4 exd5 16. b3 Rhe8 17. Ng1 Bxc3+ 18. Kd1 Bxa1 19. Bh3 f5 20. f3 Kc7 21. g4 fxg4
22. fxg4 hxg4 23. Bg2 Qf5 24. Nh3 gxh3 25. Bh1 Qxb1 26. Bxd5 Bb2 27. Be4 Qxc1+
28. Ke2 Rxe4+ 29. Kf3 Qh1+ 30. Kf2 Rf8+ 31. Kg3 Rf3# 0-1

[Event "Challenge"]
[Site "http://www.queenalice.com/game.php?id=817394"]
[Date "2010.8.12"]
[Round "-"]
[White "shatranj"]
[Black "alcapone"]
[Result "1-0"]
[WhiteElo "1160"]
[BlackElo "1120"]

1. e4 Nc6 2. Nc3 e6 3. Nf3 Nf6 4. e5 Ne4 5. Qe2 f5 6. d3 Nc5 7. d4 Na6 8. d5
exd5 9. Nxd5 Na5 10. Bg5 Be7 11. Bxe7 Qxe7 12. Nxe7 Kxe7 13. Nd4 Rf8 14. Qh5 g6
15. Qxh7+ Ke8 16. Qxg6+ Ke7 17. Nxf5+ Kd8 18. Qg5+ Ke8 19. Qe7# 1-0

[Event "Challenge"]
[Site "http://www.queenalice.com/game.php?id=818984"]
[Date "2010.8.16"]
[Round "-"]
[White "jbugg"]
[Black "alcapone"]
[Result "1-0"]
[WhiteElo "1147"]
[BlackElo "1252"]

1. e4 Nf6 2. Nc3 e6 3. d4 c6 4. Nf3 Ng4 5. h3 Nh6 6. Bc4 b5 7. Bd3 Ba6 8. O-O
Bd6 9. e5 Bc7 10. Re1 O-O 11. Qe2 Bb6 12. Qe4 d5 13. Qxh7# 1-0

[Event "Challenge"]
[Site "http://www.queenalice.com/game.php?id=819944"]
[Date "2010.8.18"]
[Round "-"]
[White "jbugg"]
[Black "alcapone"]
[Result "1-0"]
[WhiteElo "1209"]
[BlackElo "1075"]

1. e4 e6 2. Nf3 Nc6 3. Bc4 Bc5 4. O-O Nf6 5. e5 Nh5 6. d4 Bb6 7. Nc3 g5 8. Bxg5
f6 9. Bh6 d5 10. Bb5 Bd7 11. exf6 a6 12. Ba4 Qxf6 13. Qd2 Rg8 14. Rae1 Qg6 15.
Ng5 Qxh6 16. Nf3 Qg6 17. g3 e5 18. Re2 Ne7 19. Qe3 c6 20. Qxe5 Bd8 21. b4 b5 22.
Bb3 Ra7 23. a4 Bc7 24. Qxe7# 1-0

[Event "Challenge"]
[Site "http://www.queenalice.com/game.php?id=820186"]
[Date "2010.8.19"]
[Round "-"]
[White "JeanRezende"]
[Black "alcapone"]
[Result "1-0"]
[WhiteElo "1164"]
[BlackElo "1035"]

1. e4 e5 2. Qh5 Nc6 3. d3 Bb4+ 4. c3 Bc5 5. d4 g6 6. Qf3 exd4 7. Bc4 Nf6 8. Ne2
Na5 9. Bb5 c6 10. Bd3 d5 11. exd5 Nxd5 12. cxd4 Bb4+ 13. Bd2 Bd6 14. O-O Qh4 15.
g3 Qh3 16. Bxa5 O-O 17. Bd2 Re8 18. Nf4 Nxf4 19. Bxf4 Bb4 20. a3 Be7 21. Nc3 g5
22. Bd2 f6 23. Ne2 Rf8 24. Qe4 Re8 25. Bc4+ Kf8 26. d5 f5 27. Qe5 b5 28. Bb3 a5
29. dxc6 Ra6 30. Qh8# 1-0

[Event "Challenge"]
[Site "http://www.queenalice.com/game.php?id=823350"]
[Date "2010.8.25"]
[Round "-"]
[White "alcapone"]
[Black "JeanRezende"]
[Result "0-1"]
[WhiteElo "953"]
[BlackElo "1354"]

1. e4 e5 2. Nc3 d6 3. d3 Nc6 4. Nh3 Nd4 5. Nd5 Be6 6. c3 Nc6 7. c4 Qd7 8. f4
exf4 9. Nhxf4 Bg4 10. Qd2 Nd4 11. h3 Be6 12. Qc3 Nc6 13. Be2 O-O-O 14. Qa3 Kb8
15. Be3 g5 16. Nh5 Qe8 17. Nb4 f5 18. Bf3 g4 19. hxg4 fxg4 20. Be2 Nh6 0-1

[Event "24 hours"]
[Site "http://www.queenalice.com/game.php?id=1211918"]
[Date "2013.8.28"]
[Round "-"]
[White "alcapone"]
[Black "magalhaes_br"]
[Result "0-1"]
[WhiteElo "948"]
[BlackElo "1413"]

1. Nc3 e5 2. Nf3 Nc6 3. h4 h5 4. e3 g6 5. Ne4 f5 6. Ng3 Nf6 7. Ng5 d5 8. Qf3 e4
9. Qd1 Ne5 10. c3 Rg8 11. b3 Qe7 12. Bb2 Nh7 13. Nxh7 Qxh7 14. c4 c6 15. Bxe5
Qe7 16. Bd4 c5 17. Bb2 a5 18. cxd5 b6 19. a4 Qe5 20. Bxe5 Ra7 21. d3 Bg7 22. d4
cxd4 23. exd4 Rd7 24. Bb5 Kf7 25. Bxd7 Bxd7 26. Qc2 Rc8 27. Bc7 Bxd4 28. Qc4
Bxa1 29. d6+ Ke8 30. Qa6 Be5 31. O-O f4 0-1

[Event "Let's Play Chess!"]
[Site "http://www.queenalice.com/game.php?id=1212578"]
[Date "2013.8.28"]
[Round "-"]
[White "alcapone"]
[Black "spawnwolfwolverine"]
[Result "0-1"]
[WhiteElo "948"]
[BlackElo "1620"]

1. Nf3 d5 2. e3 e6 3. h4 b6 4. Ng5 Be7 5. Qf3 Bxg5 6. hxg5 Qxg5 7. Nc3 Nf6 8.
Ne2 O-O 9. Nf4 e5 10. Nh3 Bxh3 11. Qxh3 c5 12. Bd3 e4 13. Be2 Nc6 14. b3 Ne5 15.
Bb2 Rae8 16. O-O-O Neg4 17. Bxg4 Qxg4 18. Qh2 h6 19. f3 exf3 20. gxf3 Qxf3 21.
Rdf1 Qh5 22. Bxf6 Qxh2 23. Rxh2 gxf6 24. Rg1+ Kh7 25. a4 Rg8 26. Rgh1 Rg6 27.
Rh5 d4 28. exd4 cxd4 29. Rd5 Rg4 30. Rd7 Kg7 31. Rxa7 Rc8 32. d3 f5 33. Rh2 f4
34. b4 f3 35. Rf2 Rg3 36. Ra6 Rb8 37. Kd2 Rg2 38. Ke1 Rxf2 39. Kxf2 h5 40. Kxf3
Kg6 41. Kg3 f5 42. Ra7 Rc8 43. Rb7 Rxc2 44. Rxb6+ Kg5 45. a5 Rc3 46. a6 Rxd3+
47. Kg2 Ra3 48. b5 d3 49. Rd6 Ra2+ 50. Kf1 d2 51. Ke2 Rb2 52. b6 f4 53. b7 Kg4
54. Rd8 f3+ 55. Kd1 f2 56. Ke2 Kg3 57. b8=Q+ Rxb8 58. Rxb8 d1=Q+ 59. Kxd1 f1=Q+
60. Kd2 Qxa6 0-1

[Event "Let's Play Chess!"]
[Site "http://www.queenalice.com/game.php?id=1212582"]
[Date "2013.8.28"]
[Round "-"]
[White "alcapone"]
[Black "mausid"]
[Result "0-1"]
[WhiteElo "948"]
[BlackElo "1549"]

1. Nf3 Nf6 2. Nc3 d5 3. Ng5 e5 4. e3 Bd6 5. Qf3 c6 6. h4 h6 7. Nh3 Bg4 8. Qg3 e4
9. f3 Bxg3+ 10. Nf2 exf3 11. gxf3 Bxf3 12. Be2 Bxh1 13. Bf1 Ng4 14. Ke2 Nxf2 15.
d4 Qxh4 16. Kd2 O-O 17. b4 Qe7 18. Ba3 Re8 19. Nb1 Qxe3# 0-1

[Event "Let's Play Chess!"]
[Site "http://www.queenalice.com/game.php?id=1213850"]
[Date "2013.9.2"]
[Round "-"]
[White "alcapone"]
[Black "josebaron"]
[Result "0-1"]
[WhiteElo "948"]
[BlackElo "2027"]

1. e4 e5 2. Nf3 Nc6 3. Bc4 Be7 4. h4 Nf6 5. Ng5 O-O 6. c3 d5 7. exd5 Nxd5 8. Bd3
Nf6 9. Bxh7+ Nxh7 10. Qh5 Nf6 11. Qf3 Bg4 12. Qg3 Qd7 13. f3 Nh5 14. Qf2 Nf4 15.
fxg4 Nd3+ 16. Ke2 Nxf2 17. Kxf2 Qxg4 18. Nf3 e4 19. Nh2 Bxh4+ 20. g3 Bxg3+ 21.
Kf1 Qf4+ 22. Kg2 Qf2+ 23. Kh3 Bf4 24. Ng4 Qg3# 0-1

[Event "Let's Play Chess!"]
[Site "http://www.queenalice.com/game.php?id=1213851"]
[Date "2013.9.2"]
[Round "-"]
[White "josebaron"]
[Black "alcapone"]
[Result "1-0"]
[WhiteElo "2010"]
[BlackElo "948"]

1. e4 e5 2. Bc4 Nf6 3. d3 h5 4. Bg5 d6 5. h3 c6 6. c3 b5 7. Bb3 Qb6 8. Bxf6 gxf6
9. Nf3 Rg8 10. Nh4 Be7 11. Qxh5 Kd7 12. Qxf7 Rh8 13. Nf5 Rf8 14. Qxe7# 1-0

[Event "Challenge"]
[Site "http://www.queenalice.com/game.php?id=1213945"]
[Date "2013.9.3"]
[Round "-"]
[White "alcapone"]
[Black "fieldesigner"]
[Result "0-1"]
[WhiteElo "948"]
[BlackElo "1682"]

1. e4 e5 2. Nf3 Bd6 3. Bc4 Nf6 4. Ng5 O-O 5. Qf3 h6 6. Nh3 Nc6 7. g4 Nd4 8. Qd3
Nxg4 9. c3 Nc6 10. Rg1 Nxh2 11. Qg3 g6 12. Qxh2 Qh4 13. Qg2 Bc5 14. d4 exd4 15.
cxd4 Nxd4 16. Bxf7+ Rxf7 0-1